00498nam a22001572 4500001001100000005001700011008004100028020002600069040001500095100004000110245004500150260003300195300001100228650003200239650006900271000000728320151217155833.0071218s xx 000 0 eng d a9966468080 :cKES 240 aKABUcKABU1 aKenyanchui, Simon S. S.@000015849810aNabongo Mumia /cSimon S. S. Kenyanchui. aNairobi :bHeinemann,c1992. a49 p. 0aMumia, Nabongo.@0000158499 0aLuyia (African people)vBiographyxKings and rulers.@0000158500